Subvencie a vyrovnávacie opatrenia
Úplné znenie zákona NR SR č.226/1997 Z.z. o subvenciách a vyrovnávacích opatreniach. Tento zákon upravuje pravidlá posudzovania zakázaných subvencií poskytnutých na tovar vyrábaný a vyvážaný subvencujúcou krajinou, zisťovanie a posudzovanie vážnej ujmy spôsobenej takto subvencovaným tovarom domácemu...
Saved in:
| Main Author: | |
|---|---|
| Format: | Book Chapter |
| Language: | Slovak |
| Subjects: | |
| Tags: |
No Tags, Be the first to tag this record!
|
MARC
| LEADER | 00000naa a2200000 4500 | ||
|---|---|---|---|
| 001 | r027776 | ||
| 005 | 20230919113131.9 | ||
| 041 | 0 | |a slo | |
| 044 | |a SK | ||
| 245 | 1 | 0 | |a Subvencie a vyrovnávacie opatrenia |c A. Gerstner |
| 520 | |a Úplné znenie zákona NR SR č.226/1997 Z.z. o subvenciách a vyrovnávacích opatreniach. Tento zákon upravuje pravidlá posudzovania zakázaných subvencií poskytnutých na tovar vyrábaný a vyvážaný subvencujúcou krajinou, zisťovanie a posudzovanie vážnej ujmy spôsobenej takto subvencovaným tovarom domácemu výrobnému odvetviu, druhy vyrovnávacích opatrení na zabránenie alebo odstránenie ujmy spôsobenej domácemu výrobnému odvetviu, ako aj konanie o uplatňovaní týchto opatrení. | ||
| 610 | 2 | 0 | |a zákony |
| 610 | 2 | 0 | |a Slovensko |
| 610 | 2 | 0 | |a 1997 |
| 610 | 2 | 0 | |a subvencie |
| 610 | 2 | 0 | |a opatrenia |
| 610 | 2 | 0 | |a ochrana právna |
| 610 | 2 | 0 | |a ochrana trhu |
| 610 | 2 | 0 | |a obchod medzinárodný |
| 610 | 2 | 0 | |a dohody obchodné medzinárodné |
| 100 | 1 | |a Gerstner, A. | |